Мама Ежка (Запис номер 492129)
[ съкратено ]
| 000 -Лидер | |
|---|---|
| Контролно поле с фиксирана дължина | 01044nam a2200265 a 4500 |
| 005 - Дата и час на последна редакция | |
| Контролно поле | 20231121005357.0 |
| 008 - Елементи от данни с фиксирана дължина | |
| fixed length control field | 210602b bul|||||r ||||||| ||bul|| |
| 020 ## - Международен стандартен номер на книга ISBN | |
| Международен стандартен номер на книга ISBN | 9786191517558 |
| 040 ## - Източник на каталожния запис | |
| Идентификатор на билиотеката - собственик на записа | BLK |
| 041 ## - Код за език | |
| Код за езика на текст/звукозапис или на отделно заглавие | Български |
| Код за езика КДБФ | Български |
| 080 ## - УДК | |
| Текстов определител УДК | Българска литература |
| УДК код - определител по УДК | 821.163.2 |
| УДК определител | -93-1 |
| УДК - код + определител | 821.163.2-93-1 |
| 100 ## - Редна дума - Автор | |
| Автор | Жекова, Ангелина Иванова |
| Дати, свързани с автора | 1944- |
| R(LIN) | 366328 |
| 139 ## - Редно поле | |
| Редна дума | Жекова, Ангелина Иванова |
| Авторски знак | Жеко - Ж 32 |
| 245 ## - Сведения за заглавието | |
| Заглавие | Мама Ежка |
| Редно поле (дума) | Ангелина Жекова ; ил. Кирил Танев. |
| 257 ## - Страна на издаване | |
| Страна на създаване/издаване | България |
| 260 ## - Област на издателските данни | |
| Място на издаване, разпространение и проч. | София |
| Име на издателя, разпространителя и проч. | СофтПрес |
| Година на издаване | 2022 |
| 9 (RLIN) | 209582 |
| Издателство - префикс ISBN | 978-619-151- ; 978-954-685- |
| Печатница | Костинброд : Мултипринт |
| 300 ## - Физическа характеристика | |
| Страници | [10] с. |
| Илюстрации и др. | с цв. ил. |
| Размери/Мащаб | 22Х22 см |
| 380 ## - Жанр | |
| Жанр | Детска худож. лит. |
| 490 ## - СЕРИИ (Колекции) | |
| 9 (RLIN) | 488014 |
| Име на серия | Животни любими, описани в рими |
| 700 ## - Други автори (авторска отговорност) | |
| Лично име | Танев, Кирил Танов |
| Автороска отговорност (Описва отношението между автора и произведението) | худож. |
| 9 (RLIN) | 1637 |
| 852 ## - Местоположение | |
| Форматна сигнатура | Цб 318192 |
| Фондова буква | Хранилище |
| 856 ## - Електронен адрес и достъп | |
| Инструкция (цена за достъп) | 0.00 |
| Права за достъп | disable |
| 942 ## - АРТИКУЛИ | |
| Вид на библиотечния материал | Книги |
| Скрит в OPAC | Не |
| Периодичен библиозапис | Да |
| 944 ## - СЪЗДАВАНЕ И РЕДАКЦИЯ на ЗАПИСА | |
| Създаване/Редакция | Създаване |
| Служител, извършил регистрацията/редакцията | |
| Статус, дата на статуса | CRON CRON |
| 999 ## - СИСТЕМНИ КОНТРОЛНИ НОМЕРА | |
| Koha biblionumber | 492129 |
| Koha biblioitemnumber | 492129 |
| Код за отписване | Код за изгубен артикул | Източник на класификационната схема | Код за повреда | Коз за рестрикции | Код за отдаване | Артикулен № | Име на библиотеката - собственик | Име на библиотеката, в която се намира в момента | Статус (Текущо местоположение) | Дата на вписване в системата | Местоположение - отдел | Цена в лева | Инвентарен номер | Систематично азбучна сигнатура | Баркод | Цена в евро | Служебен тип на артикула |
|---|---|---|---|---|---|---|---|---|---|---|---|---|---|---|---|---|---|
| Не е изгубен | Universal Decimal Classification | Не е повреден | само за читалня | ползва се в читалня | 929430 | Регионална библиотека "Любен Каравелов" Русе | Регионална библиотека "Любен Каравелов" Русе | Хранилище | 2023-07-11 | Хранилище | 4.99 | 120000888973 | Цб 318192 | 120000888973 | 2.55 | Книги |